[Event "NOR-ch 2018"]
[Site "Moss"]
[Date "2018.07.09"]
[Round "4"]
[White "Bjornland, Svein"]
[Black "Gyldenas, Ole Jorn"]
[Result "1/2-1/2"]
[WhiteElo "2093"]
[BlackElo "1956"]
[Annotator "NA"]
[PlyCount "67"]
[EventDate "2018.07.06"]
[EventCountry "NOR"]
[SourceTitle "playchess.com"]
[Source "ChessBase"]
[SourceQuality "1"]

1. d4 Nf6 2. Bf4 e6 3. e3 d5 4. Nd2 Be7 5. Bd3 O-O 6. c3 b6 7. Ngf3 Bb7 8. Ne5 Nbd7 9. Qb1 h6 10. h3 c5 11. O-O Rc8 12. b4 cxd4 13. cxd4 Nxe5 14. dxe5 Nd7 15. Nf3 Rc3 16. Nd4 a6 17. Ne2 Rc7 18. Qb2 Qa8 19. Nd4 Rfc8 20. a3 Rc3 21. Qe2 Qb8 22. Bxa6 Bxa6 23. Qxa6 R8c4 24. Rfb1 Bd8 25. Nb5 {Rc2Nd6 [%clk 0:00:00]} Rc6 26. Qb7 Bc7 27. Qxb8+ Bxb8 {b5 [%clk 0:07:51] R6c3 [%clk 0:00:00]} 28. Bg3 Nc5 {Rb4 [%clk 0:00:00] Kf8 [%clk 0:00:00]} 29. a4 Rc1+ 30. Rxc1 {Rxc1+ [%clk 0:08:50] Kh2 [%clk 0:05:47] Ra1 [%clk 0:09:04] Nc8 [%clk 0:02:26]} Bc7 31. Na7 {Rxa4 [%clk 0:05:16] Rxa4 [%clk 0:01:49]} Nxa4 32. Nxc6 Nc3 33. Nd4 {Ke7 [%clk 0:03:16] f4 [%clk 0:01:26] Kd7 [%clk 0:01:34] Be1 [%clk 0:24:16]} Nd1 {Bd2 [%clk 0:15:37] h5 [%clk 0:28:14] g4 [%clk 0:11:20] hxg4 [%clk 0:28:23] hxg4 [%clk 0:11:45] Nf2 [%clk 0:20:54] g5 [%clk 0:11:32] g6 [%clk 0:21:07] Kg2 [%clk 0:11:06] Ne4 [%clk 0:21:25] Bb4 [%clk 0:10:45] Bd8 [%clk 0:19:23]} 34. Nc6 {Bc7 [%clk 0:00:00] Nd4 [%clk 0:00:00] Nc5 [%clk 0:00:00] Kf2 [%clk 0:09:24]} 1/2-1/2

[Event "NOR-ch 2018"]
[Site "Moss"]
[Date "2018.07.09"]
[Round "4"]
[White "Machlik, Monika"]
[Black "Royset, Pal"]
[Result "1-0"]
[WhiteElo "2051"]
[BlackElo "2231"]
[Annotator "NA"]
[PlyCount "147"]
[EventDate "2018.07.06"]
[EventCountry "NOR"]
[SourceTitle "playchess.com"]
[Source "ChessBase"]
[SourceQuality "1"]

1. d4 Nf6 2. c4 e6 3. Nc3 Bb4 4. Qc2 O-O 5. a3 Bxc3+ 6. Qxc3 d5 7. Nf3 dxc4 8. Qxc4 b6 9. Bg5 {E36: Nimzo-Indian: Classical: 4...d5 5 a3} Ba6 10. Qa4 Qd7 11. Qxd7 (11. Qc2 c5 12. Bxf6 gxf6 13. Rd1 Qe7 14. g3 Bb7 15. Bg2 Rd8 16. O-O Nd7 {½-½ (30) Mamedyarov,S (2808)-Caruana,F (2816) Paris 2018}) 11... Nbxd7 12. Bxf6 gxf6 13. e3 Bxf1 14. Rxf1 c5 15. Ke2 Rfc8 {[#]} 16. Rfc1 $146 ({Predecessor:} 16. Rac1 Kf8 17. dxc5 Nxc5 {½-½ (30) Parligras,M (2581)-Kravtsiv,M (2587) Albena 2014}) 16... Kf8 17. dxc5 Nxc5 18. Nd2 Na4 19. b3 Nc3+ 20. Kd3 Nd5 21. Ke2 Ke7 22. g3 f5 23. f3 h5 24. b4 Nc3+ 25. Ke1 e5 26. Nb3 Nd5 27. Ke2 Kd6 28. Rxc8 Rxc8 29. Rc1 Rg8 30. Rc4 f4 31. exf4 exf4 32. Kf2 Re8 33. Nd4 a6 34. Nf5+ Kd7 35. gxf4 Re6 36. Rd4 Kc6 37. a4 Rf6 38. Ne3 Nxf4 39. Rc4+ Kb7 40. Kg3 Nd3 41. Rd4 Ne5 42. f4 Nc6 43. Re4 b5 (43... Rd6 $14) 44. axb5 axb5 {[#]} 45. Kh4 $16 Rh6 46. Kg5 Rh7 47. h4 Kc7 48. Nd5+ Kd6 49. Nc3 Rg7+ 50. Kxh5 Rg3 51. Nxb5+ Kd5 52. Re8 Nxb4 53. Re5+ Kc6 54. Nd4+ Kd7 55. Nf5 Rg8 56. Re7+ Kd8 57. Rb7 Nc6 58. Rxf7 Rg1 59. Rf6 Nb8 60. Rg6 Rf1 61. Ne3 Rf3 62. Nd5 Kc8 63. Kg4 Rf1 64. h5 Nd7 65. Nb6+ Nxb6 66. Rxb6 Rg1+ 67. Kf5 Kd7 68. Rb7+ Kc8 69. Rb6 Kc7 70. Ra6 Kb7 71. Rg6 Rh1 72. h6 Kc8 73. Kf6 Kd8 74. Kg7 1-0

[Event "NOR-ch 2018"]
[Site "Moss"]
[Date "2018.07.09"]
[Round "4"]
[White "Hansen, Svein Erik"]
[Black "Boger, Raymond"]
[Result "1-0"]
[WhiteElo "2041"]
[BlackElo "1948"]
[Annotator "NA"]
[PlyCount "45"]
[EventDate "2018.07.06"]
[EventCountry "NOR"]
[SourceTitle "playchess.com"]
[Source "ChessBase"]
[SourceQuality "1"]

1. d4 g6 2. c4 Bg7 3. Nc3 Nc6 4. Nf3 e5 5. dxe5 Nxe5 6. Nxe5 Bxe5 7. e4 Bg7 8. Be2 Ne7 9. Be3 d6 10. Qd2 Be6 11. Bd4 f6 12. Nd5 O-O 13. O-O Nc6 14. Bc3 Qd7 15. b4 Rae8 16. f4 f5 17. exf5 Bxf5 18. Bf3 a6 19. Qb2 Bxc3 20. Qxc3 Qg7 21. Qxg7+ Kxg7 22. Nxc7 Nxb4 23. Nxe8+ 1-0

[Event "NOR-ch 2018"]
[Site "Moss"]
[Date "2018.07.09"]
[Round "4"]
[White "Melaa, Sondre Lillestøl"]
[Black "Fuglestein, Sander"]
[Result "1/2-1/2"]
[WhiteElo "2019"]
[BlackElo "1834"]
[Annotator "NA"]
[PlyCount "134"]
[EventDate "2018.07.06"]
[EventCountry "NOR"]
[SourceTitle "playchess.com"]
[Source "ChessBase"]
[SourceQuality "1"]

1. e4 c6 2. d4 d5 3. e5 Bf5 4. h4 h5 5. Bd3 Bxd3 6. Qxd3 e6 7. Bg5 Qb6 8. Nd2 Qa6 9. c4 Ne7 10. Ne2 Nf5 11. O-O Bb4 12. b3 Nd7 13. Ng3 Nxg3 14. fxg3 Bxd2 15. Bxd2 O-O 16. Qe2 c5 17. dxc5 Nxc5 18. Qe3 Qb6 19. cxd5 exd5 20. Bc3 Ne6 21. Qxb6 axb6 22. Rad1 Rfd8 23. Rf2 d4 24. Ba1 Ra5 25. Rfd2 Rad5 26. Rd3 Kh7 27. b4 Kg6 28. Re1 Rc8 29. a3 Rc7 30. Bb2 Rc2 31. Ba1 b5 32. Kh2 Rf2 33. Kg1 Rf5 34. Red1 Rfxe5 35. Bxd4 Nxd4 36. Rxd4 Rxd4 37. Rxd4 Re3 38. Kf2 Rxa3 39. Rd5 Ra2+ 40. Kg1 Re2 41. Rg5+ Kh6 42. Rxb5 Re7 43. Kf2 g6 44. Kf3 Kg7 45. g4 hxg4+ 46. Kxg4 Kf6 47. Kf4 Rc7 48. Rb6+ Kg7 49. Ke5 Rc4 50. g3 Rg4 51. Rxb7 Rxg3 52. b5 Rg4 53. b6 Rxh4 54. Ra7 Rb4 55. b7 g5 56. Kd5 g4 57. Kc6 Kf6 58. Ra8 Rxb7 59. Kxb7 Ke5 60. Kc6 Ke4 61. Re8+ Kf3 62. Rf8 g3 63. Rxf7+ Ke2 64. Rg7 Kf2 65. Rf7+ Ke2 66. Rg7 Kf2 67. Rxg3 Kxg3 1/2-1/2

[Event "NOR-ch 2018"]
[Site "Moss"]
[Date "2018.07.09"]
[Round "4"]
[White "Nesse, David"]
[Black "Mansoor, Afras"]
[Result "0-1"]
[WhiteElo "1825"]
[BlackElo "1973"]
[Annotator "NA"]
[PlyCount "32"]
[EventDate "2018.07.06"]
[EventCountry "NOR"]
[SourceTitle "playchess.com"]
[Source "ChessBase"]
[SourceQuality "1"]

1. e4 e5 2. Nf3 Nc6 3. Nc3 Nf6 4. d4 exd4 5. Nxd4 Bb4 6. Nxc6 bxc6 7. Qd4 Qe7 8. Bd2 Bc5 9. Qc4 d5 10. Qa4 O-O 11. Bd3 Ng4 12. O-O Qh4 13. Bf4 Bxf2+ 14. Kh1 Nxh2 15. g3 Qh3 16. Rxf2 Nf3+ 0-1

[Event "NOR-ch 2018"]
[Site "Moss"]
[Date "2018.07.09"]
[Round "4"]
[White "Heier, Odin Nikolai"]
[Black "Lund, Gunnar"]
[Result "0-1"]
[WhiteElo "1802"]
[BlackElo "2216"]
[Annotator "NA"]
[PlyCount "60"]
[EventDate "2018.07.06"]
[EventCountry "NOR"]
[SourceTitle "playchess.com"]
[Source "ChessBase"]
[SourceQuality "1"]

1. d4 Nf6 2. Bf4 d5 3. e3 c5 4. c3 Nc6 5. Nd2 e6 6. Ngf3 Bd6 7. Bg3 O-O 8. Bd3 b6 9. e4 dxe4 10. Nxe4 Nxe4 11. Bxe4 Bb7 $14 {LiveBook: 18 Games} 12. Qd2 f5 13. Bc2 cxd4 14. Bxd6 Qxd6 15. cxd4 Rfd8 16. Rd1 Nb4 17. Bb3 Bxf3 18. gxf3 Kh8 19. a3 Nc6 20. d5 exd5 21. Bxd5 Qe5+ 22. Kf1 Rac8 23. f4 Qf6 24. Qe3 Ne7 25. Bf3 Rxd1+ 26. Bxd1 Ng6 27. Qd2 Rd8 28. Qc1 Qd4 29. Bc2 Qc4+ 30. Ke1 Nxf4 0-1

[Event "NOR-ch 2018"]
[Site "Moss"]
[Date "2018.07.09"]
[Round "4"]
[White "Steinkellner, Rudolf"]
[Black "Store, Trond"]
[Result "0-1"]
[WhiteElo "1686"]
[BlackElo "2077"]
[Annotator "NA"]
[PlyCount "52"]
[EventDate "2018.07.06"]
[EventCountry "NOR"]
[SourceTitle "playchess.com"]
[Source "ChessBase"]
[SourceQuality "1"]

1. e4 c5 2. Nc3 a6 3. g3 b5 4. Bg2 Bb7 5. d3 e6 6. Nf3 d6 7. O-O Nf6 8. e5 dxe5 9. Nxe5 Bxg2 10. Kxg2 Nbd7 11. Nxd7 Qxd7 12. Qf3 Rc8 13. Bg5 Be7 14. Rfe1 O-O 15. Ne4 Nxe4 16. Bxe7 Nd2 17. Qe2 Qb7+ 18. f3 Nxf3 19. Bxf8 Nxe1+ 20. Kf2 Nxc2 21. Bxg7 Nxa1 22. Bf6 Qd5 23. Qg4+ Kf8 24. Qg7+ Ke8 25. Qg8+ Kd7 26. Qxf7+ Kc6 0-1

[Event "NOR-ch 2018"]
[Site "Moss"]
[Date "2018.07.09"]
[Round "4"]
[White "Syse, Knut"]
[Black "Greibrokk, Maria"]
[Result "1/2-1/2"]
[WhiteElo "1654"]
[BlackElo "1802"]
[Annotator "NA"]
[PlyCount "110"]
[EventDate "2018.07.06"]
[EventCountry "NOR"]
[SourceTitle "playchess.com"]
[Source "ChessBase"]
[SourceQuality "1"]

1. d4 Nf6 2. Nf3 g6 3. c4 Bg7 4. Nc3 d6 5. e4 O-O 6. h3 Nc6 7. d5 Nb8 8. Be3 c5 9. Bd3 Bd7 10. Qd2 Na6 11. a3 Nc7 12. g4 Rb8 13. a4 a6 14. g5 Nh5 15. Be2 f5 16. exf5 Bxf5 17. Nh4 Bd7 18. Bxh5 gxh5 19. g6 Qe8 20. gxh7+ Kh8 21. Qd3 Bf5 22. Nxf5 Qg6 23. O-O-O Qxf5 24. Qxf5 Rxf5 25. a5 b5 26. axb6 Rxb6 27. Kc2 e6 28. dxe6 Nxe6 29. b3 Nd4+ 30. Bxd4 Bxd4 31. Ne4 Rf3 32. Rb1 Rf4 33. Rbe1 Bxf2 34. Rhf1 Be3 35. Rxf4 Bxf4 36. Rf1 Be5 37. Rf5 Rb7 38. Nxc5 Rxh7 39. Nxa6 h4 40. Nb4 Kg8 41. Nd3 Bg3 42. Ra5 Rb7 43. Kc3 Kf7 44. b4 Ke6 45. c5 Rc7 46. Kd4 dxc5+ 47. Nxc5+ Ke7 48. Ne4 Be1 49. Re5+ Kd8 50. Nc5 Bf2+ 51. Kd5 Ra7 52. Rg5 Re7 53. Ne6+ Kd7 54. Rg7 Rxg7 55. Nxg7 Kc7 1/2-1/2